| 000 | 01280nam a22002891u 4500 | ||
|---|---|---|---|
| 001 | 04665 | ||
| 003 | HDC | ||
| 007 | cr bn ---aaaaa | ||
| 008 | 210117p2013 my fo d 00 engg | ||
| 040 | _aHDC | ||
| 100 |
_aTieman, Marco _eauthor _9653 |
||
| 245 | 0 |
_aEstablishing The Principles In Halal Logistics / by _cMarco Tieman |
|
| 260 |
_aShah Alam, Selangor : _bInstitute of Business Excellence and UiTM Press, _c2013 |
||
| 300 | _a 1 online resource (13 pages) | ||
| 336 |
_atext _2rdacontent |
||
| 337 |
_acomputer _2rdamedia |
||
| 338 |
_aonline resource _2rdacarrier |
||
| 650 |
_aHalal Logistics _9143 |
||
| 650 |
_aHalal Supply Chain Management _91008 |
||
| 650 |
_aHalal _9294 |
||
| 856 | _zRequest full-text at [email protected] | ||
| 856 | _zRequest full-text at [email protected] | ||
| 856 | _zRequest full-text at [email protected] | ||
| 942 | _2lcc | ||
| 942 | _cAR | ||
| 942 | _kJART 001199 | ||
| 999 |
_c1990 _d1990 |
||